| 000 | 00784nam a2200205 i 4500 | ||
|---|---|---|---|
| 001 | 74644 | ||
| 003 | ES-MaACL | ||
| 005 | 20230906172212.0 | ||
| 007 | t| | ||
| 008 | 040920s1927 sp ||||1| spa d | ||
| 100 | 0 |
_aGonzález-Rothvoss y Gil, Mariano. _958932 |
|
| 245 | 1 | 0 |
_aLeyes sociales _b: (obra adaptada al programa de oposiciones a la carrera fiscal) / _cpor Mariano González-Rothvoos y Gil, José Casais y Santaló y León Martín-Granizo. |
| 260 |
_aMadrid : _b[s.n.], _c1927 ( _fTall. Tip. de la Editorial Reus) |
||
| 300 |
_a184 p. ; _c23 cm. |
||
| 650 | 4 |
_aFiscales- _zEspaña- _vContestaciones para oposiciones. _9159427 |
|
| 700 | 1 |
_aCasais y Santaló, José. _9185662 |
|
| 700 | 1 |
_aMartín-Granizo, León. _977517 |
|
| 852 |
_aES-MaACL _jF-4466 |
||
| 999 |
_c74644 _d74644 |
||